Девня (Запис номер 388019)
[ съкратено ]
| 000 -Лидер | |
|---|---|
| Контролно поле с фиксирана дължина | nkm a22 a 4500 |
| 003 - Код на организацията, давaща контролен номер | |
| Контролно поле | BLK |
| 005 - Дата и час на последна редакция | |
| Контролно поле | 20200921155956.0 |
| 008 - Елементи от данни с фиксирана дължина | |
| fixed length control field | 180409b bul|||||r ||||||| ||bul|| |
| 010 ## - Наследен системен номер | |
| LC control number | KNG00100999000 |
| 020 ## - Международен стандартен номер на книга ISBN | |
| Международен стандартен номер на книга ISBN | 954-9769-06-2 |
| 040 ## - Източник на каталожния запис | |
| Идентификатор на билиотеката - собственик на записа | BLK |
| 041 ## - Код за език | |
| Код за езика на текст/звукозапис или на отделно заглавие | Български |
| Код за езика КДБФ | Български |
| 080 ## - УДК | |
| Текстов определител УДК | Производство и услуги по стопански отрасли. Икономика на отделните стопански отрасли. Вж и 334.74 |
| УДК код - определител по УДК | 338.4 |
| УДК - код + определител | 338.4 |
| 245 10 - Сведения за заглавието | |
| Заглавие | Девня |
| Редно поле (дума) | състав. Ангел Г. Ангелов ... [и др.] ; снимки Христо Чукачев |
| 257 ## - Страна на издаване | |
| Страна на създаване/издаване | България |
| 260 ## - Област на издателските данни | |
| Име на издателя, разпространителя и проч. | ЦК на ДКМС |
| Година на издаване | 1980 |
| 9 (RLIN) | 210512 |
| Място на издаване, разпространение и проч. | София |
| 300 ## - Физическа характеристика | |
| Страници | 120 с. |
| Илюстрации и др. | с табл., портр., ил. |
| Размери/Мащаб | 23Х24 см |
| 380 ## - Жанр | |
| Жанр | Обществени науки |
| 500 ## - Общи забележки | |
| Забележка | Кор. опис.<br/>Други състав. : Христо Чукачев, Тодор Игнатов<br/>Парал. текст на рус. и фр. ез. / прев. Ангел Г. Ангелов, Красимира Максимова, Констанца Каназирска ; Възприета форма на името на втория прев. е Констанца Груева Каназирска-Ангелова<br/>5 050 тир. |
| 650 #7 - Допълнително описание по предмет – тема | |
| Основно описание – тема или топоним | Химически заводи - България - история |
| 9 (RLIN) | 176549 |
| 653 ## - Ключова дума – ненормативна | |
| Ключова дума | Девня |
| 653 ## - Ключова дума – ненормативна | |
| Ключова дума | градове |
| 653 ## - Ключова дума – ненормативна | |
| Ключова дума | България |
| 700 ## - Други автори (авторска отговорност) | |
| 9 (RLIN) | 1478 |
| Лично име | Ангелов, Ангел |
| Автороска отговорност (Описва отношението между автора и произведението) | състав. |
| 852 ## - Местоположение | |
| Форматна сигнатура | Цб 301561 |
| Фондова буква | Хранилище |
| 856 4# - Електронен адрес и достъп | |
| Електронен формат | pdf - файл |
| 856 4# - Електронен адрес и достъп | |
| Електронен формат | pdf - файл |
| 999 ## - СИСТЕМНИ КОНТРОЛНИ НОМЕРА | |
| Koha biblionumber | 388019 |
| Koha biblioitemnumber | 388019 |
| 942 ## - АРТИКУЛИ | |
| Вид на библиотечния материал | Графични издания |
| Скрит в OPAC | Не |
| Периодичен библиозапис | Да |
| Код за отписване | Код за изгубен артикул | Източник на класификационната схема | Код за повреда | Коз за рестрикции | Код за отдаване | Артикулен № | Име на библиотеката - собственик | Име на библиотеката, в която се намира в момента | Статус (Текущо местоположение) | Дата на вписване в системата | Местоположение - отдел | Цена в лева | Инвентарен номер | Систематично азбучна сигнатура | Баркод | Цена в евро | Служебен тип на артикула |
|---|---|---|---|---|---|---|---|---|---|---|---|---|---|---|---|---|---|
| Не е изгубен | Universal Decimal Classification | Не е повреден | само за читалня | ползва се в читалня | 800427 | Регионална библиотека "Любен Каравелов" Русе | Регионална библиотека "Любен Каравелов" Русе | Хранилище | 2020-09-25 | Хранилище | 3.50 | 306802 | Цб 301561 | 120000306802 | 1.79 | Графични издания |